<?xml version="1.0" encoding="UTF-8"?>
<collection xmlns="http://www.loc.gov/MARC21/slim">
 <record>
  <leader>01848nam a22002417a 4500</leader>
  <controlfield tag="001">NCT_134718</controlfield>
  <controlfield tag="008">220603b        xxu||||| |||| 00| 0 vie d</controlfield>
  <datafield tag="999" ind1=" " ind2=" ">
   <subfield code="c">6946</subfield>
   <subfield code="d">6946</subfield>
  </datafield>
  <datafield tag="020" ind1=" " ind2=" ">
   <subfield code="a">9786048509521</subfield>
   <subfield code="c">40000</subfield>
  </datafield>
  <datafield tag="082" ind1="0" ind2="4">
   <subfield code="2">23rd ed.</subfield>
   <subfield code="a">796</subfield>
   <subfield code="b">L462</subfield>
  </datafield>
  <datafield tag="100" ind1="1" ind2=" ">
   <subfield code="a">Vũ Trọng Lợi</subfield>
  </datafield>
  <datafield tag="245" ind1="1" ind2="0">
   <subfield code="a">Thể dục thể thao đối với vùng đồng bào các dân tộc thiểu số</subfield>
   <subfield code="c">Vũ Trọng Lợi</subfield>
  </datafield>
  <datafield tag="260" ind1=" " ind2=" ">
   <subfield code="a">H.</subfield>
   <subfield code="b">Thể thao và du lịch</subfield>
   <subfield code="c">2021</subfield>
  </datafield>
  <datafield tag="300" ind1=" " ind2=" ">
   <subfield code="a">176 tr.</subfield>
   <subfield code="c">21 cm</subfield>
   <subfield code="b">Minh họa</subfield>
  </datafield>
  <datafield tag="520" ind1="3" ind2=" ">
   <subfield code="a">Nội dung sách trình bày tổng hợp từ các quy định của pháp luật và sự chỉ đạo, quản lý cúa Nhà nước về thể dục thể thao, cùng với những kinh nghiệm thực tiễn công tác của tác giả và các cộng sự, giúp bạn đọc tìm hiểu chính sách và vận dụng kinh nghiệm.......được góp ý phê bình của quý độc giả.......</subfield>
  </datafield>
  <datafield tag="653" ind1=" " ind2=" ">
   <subfield code="a">Cơ bản</subfield>
  </datafield>
  <datafield tag="942" ind1=" " ind2=" ">
   <subfield code="2">ddc</subfield>
   <subfield code="c">BK</subfield>
  </datafield>
  <datafield tag="952" ind1=" " ind2=" ">
   <subfield code="0">0</subfield>
   <subfield code="1">0</subfield>
   <subfield code="2">ddc</subfield>
   <subfield code="4">0</subfield>
   <subfield code="6">796_000000000000000_L462</subfield>
   <subfield code="7">0</subfield>
   <subfield code="9">24848</subfield>
   <subfield code="a">000001</subfield>
   <subfield code="b">000001</subfield>
   <subfield code="d">2022-06-03</subfield>
   <subfield code="o">796 L462</subfield>
   <subfield code="p">MD.19553</subfield>
   <subfield code="r">2022-06-03</subfield>
   <subfield code="v">40000.00</subfield>
   <subfield code="w">2022-06-03</subfield>
   <subfield code="y">BK</subfield>
  </datafield>
  <datafield tag="952" ind1=" " ind2=" ">
   <subfield code="0">0</subfield>
   <subfield code="1">0</subfield>
   <subfield code="2">ddc</subfield>
   <subfield code="4">0</subfield>
   <subfield code="6">796_000000000000000_L462</subfield>
   <subfield code="7">0</subfield>
   <subfield code="9">24849</subfield>
   <subfield code="a">000001</subfield>
   <subfield code="b">000001</subfield>
   <subfield code="d">2022-06-03</subfield>
   <subfield code="o">796 L462</subfield>
   <subfield code="p">MD.19554</subfield>
   <subfield code="r">2022-06-03</subfield>
   <subfield code="v">40000.00</subfield>
   <subfield code="w">2022-06-03</subfield>
   <subfield code="y">BK</subfield>
  </datafield>
  <datafield tag="952" ind1=" " ind2=" ">
   <subfield code="0">0</subfield>
   <subfield code="1">0</subfield>
   <subfield code="2">ddc</subfield>
   <subfield code="4">0</subfield>
   <subfield code="6">796_000000000000000_L462</subfield>
   <subfield code="7">0</subfield>
   <subfield code="9">24850</subfield>
   <subfield code="a">000001</subfield>
   <subfield code="b">000001</subfield>
   <subfield code="d">2022-06-03</subfield>
   <subfield code="o">796 L462</subfield>
   <subfield code="p">MD.19555</subfield>
   <subfield code="r">2022-06-03</subfield>
   <subfield code="v">40000.00</subfield>
   <subfield code="w">2022-06-03</subfield>
   <subfield code="y">BK</subfield>
  </datafield>
  <datafield tag="952" ind1=" " ind2=" ">
   <subfield code="0">0</subfield>
   <subfield code="1">0</subfield>
   <subfield code="2">ddc</subfield>
   <subfield code="4">0</subfield>
   <subfield code="6">796_000000000000000_L462</subfield>
   <subfield code="7">0</subfield>
   <subfield code="9">24851</subfield>
   <subfield code="a">000001</subfield>
   <subfield code="b">000001</subfield>
   <subfield code="d">2022-06-03</subfield>
   <subfield code="o">796 L462</subfield>
   <subfield code="p">MD.19556</subfield>
   <subfield code="r">2022-06-03</subfield>
   <subfield code="v">40000.00</subfield>
   <subfield code="w">2022-06-03</subfield>
   <subfield code="y">BK</subfield>
  </datafield>
  <datafield tag="952" ind1=" " ind2=" ">
   <subfield code="0">0</subfield>
   <subfield code="1">0</subfield>
   <subfield code="2">ddc</subfield>
   <subfield code="4">0</subfield>
   <subfield code="6">796_000000000000000_L462</subfield>
   <subfield code="7">0</subfield>
   <subfield code="9">24858</subfield>
   <subfield code="a">000001</subfield>
   <subfield code="b">000001</subfield>
   <subfield code="d">2022-06-03</subfield>
   <subfield code="o">796 L462</subfield>
   <subfield code="p">MD.19570</subfield>
   <subfield code="r">2022-06-03</subfield>
   <subfield code="v">40000.00</subfield>
   <subfield code="w">2022-06-03</subfield>
   <subfield code="y">BK</subfield>
  </datafield>
  <datafield tag="980" ind1=" " ind2=" ">
   <subfield code="a">Thư viện Trường Đại học Nam Cần Thơ</subfield>
  </datafield>
 </record>
</collection>
